Čo dedina, to kuchyňa jedlá starých materí z Dobrej Nivy

Bibliographic Details
Main Author: Škoda, Ján (Author)
Format: Article
Language:Slovak
Subjects:

MARC

LEADER 00000nab a2200000 a 4500
001 vtls000686654
003 SK-MaSNL
005 20260302195534.0
008 180206c1999 xo 0 slo
015 |a SNBRB1999/02-03605 
035 |a CLN000038821 
040 |a SNKBUCL  |b slo  |c SNKBUCL  |e AACR2 
041 0 |a slo 
044 |a xo  |c SK 
080 |a 392.8(437.6)  |2 UDC-MRF-SK2 
080 |a 642  |2 UDC-MRF-SK2 
100 1 |a Škoda, Ján  |4 aut  |9 396537 
245 1 0 |a Čo dedina, to kuchyňa  |b jedlá starých materí z Dobrej Nivy  |c Ján Škoda 
650 0 7 |a jedlá ľudové  |z Dobrá Niva (Slovensko)  |2 snkbucl  |9 888755 
655 7 |a články z novín a časopisov  |2 snkbucl  |9 267496 
773 0 |t Národná osveta  |g Roč. 9, č. 4 (1999), s. 27 
850 |a Slovenská národná knižnica v Martine 
852 |a SNK  |b KIS3GCP 
958 |a RBX 
999 |c 1453021  |d 1454951